[Event "Erbendorf op"]
[Site "Erbendorf"]
[Date "2009.06.11"]
[Round "2"]
[White "Gross, Hans Joachim"]
[Black "Karwath, Hermann"]
[Result "1-0"]
[WhiteElo "1830"]
[BlackElo "1302"]
[PlyCount "55"]
[EventDate "2009.06.11"]
[EventType "swiss"]
[EventRounds "7"]
[EventCountry "GER"]
[SourceTitle "CBM 130 Extra"]
[Source "ChessBase"]
[SourceDate "2009.07.02"]
[SourceVersion "2"]
[SourceVersionDate "2009.07.15"]
[SourceQuality "1"]

1. Nf3 d5 2. g3 Nc6 3. Bg2 e5 4. d3 Bd6 5. Nbd2 f5 6. c4 Be6 7. cxd5 Bxd5 8. 0-0 Nf6 9. Nc4 e4 10. Nxd6+ cxd6 11. dxe4 Bxe4 12. Bg5 d5 13. Nd4 Bxg2 14. Kxg2 Nxd4 15. Qxd4 0-0 16. Rfd1 Qe8 17. Bxf6 Qe4+ 18. Qxe4 fxe4 19. Bg5 Rf5 20. Be3 b6 21. Rac1 Rd8 22. Rc7 Rf7 23. Rxf7 Kxf7 24. Bd4 Rd7 25. Rc1 h6 26. h4 Kg6 27. Rc6+ Kh7 28. f3 1-0